Mathematical logic and computer science /

Na minha lista:
Detalhes bibliográficos
Outros Autores: Dömölki, B. (Compiler), Gergely, T. (Compiler)
Formato: Livro
Idioma:inglês
Publicado em: Amsterdam : North-Holland, 1981
Tags: Adicionar Tag
Sem tags, seja o primeiro a adicionar uma tag!

MARC

LEADER 00000nam a22000003a 4500
001 stu86493
005 20150617225629.5
008 040430s1981------------------------eng-d
040 |a STU  |b slo 
041 0 |a eng 
080 |a 510 
080 |a 519.68 
080 |a 681.3.06 
100 1 |a Dömölki, B.  |4 com 
245 1 |a Mathematical logic and computer science /  |c Ed.:Dömölki, B., Gergely, T. 
260 |a Amsterdam :  |b North-Holland,  |c 1981 
300 |a 757 s 
700 1 |a Gergely, T.  |4 com 
996 |b E59720  |c E*59720  |l EE03  |s P  |a 0  |w stu86493_0001